000 00399nam a22001217a 4500
999 _c9920
_d9920
003 OSt
008 201203b ||||| |||| 00| 0 eng d
245 _aFIIB Business Review (FBR)
250 _a2014(Apr-Jun Vol.3 No.2) 2015(Jan-Mar Vol.4 No.1, Apr-Jun Vol.4 No.2) 2016(Apr-Jun Vol.5 No.2)
260 _bFortune Institute of International Business
_aNew Delhi
650 _aManagement
942 _2ddc
_cBV